00266nam a2200109Ia 4500008004100000100002000041245003900061260001800100650001400118942000700132999001700139190216s9999||||xx |||||||||||||| ||und|| aRadhakrishnan C 0aValiya Lokangal Cheriya Mathilukal bCurrent Books aMalayalam cBK c23996d23996